[Event "Andorra Open"]
[Site "Escaldes"]
[Date "2019.07.28"]
[Round "2.5"]
[White "Romero Pallares, Daniel"]
[Black "Cuartas, Jaime Alexander"]
[Result "0-1"]
[WhiteElo "2230"]
[BlackElo "2542"]
[PlyCount "100"]
[EventDate "2019.07.27"]
[EventType "swiss"]
[EventRounds "9"]
[EventCountry "AND"]
[WhiteClock "0:14:37"]
[BlackClock "0:53:12"]

1. Nf3 {[%emt 0:02:04]} d5 {[%emt 0:00:08]} 2. g3 {[%emt 0:00:04]} Nf6 {
[%emt 0:00:05]} 3. Bg2 {[%emt 0:00:37]} c6 {[%emt 0:00:12]} 4. O-O {[%emt 0:00:
16]} Bg4 {[%emt 0:00:05]} 5. b3 {[%emt 0:00:29]} Nbd7 {[%emt 0:00:13]} 6. Bb2 {
[%emt 0:00:09]} e6 {[%emt 0:00:40]} 7. d3 {[%emt 0:00:53]} a5 {[%emt 0:01:05]}
8. a4 {[%emt 0:00:11]} Bc5 {[%emt 0:02:23]} 9. Nbd2 {[%emt 0:04:06]} O-O {
[%emt 0:00:33]} 10. e4 {[%emt 0:05:29]} h6 {[%emt 0:03:54]} 11. Qe2 {[%emt 0:
02:39]} Qb6 {[%emt 0:02:42]} 12. h3 {[%emt 0:04:20]} Bh5 {[%emt 0:00:42]} 13.
e5 {[%emt 0:03:02]} Ne8 {[%emt 0:00:18]} 14. g4 {[%emt 0:00:50]} Bg6 {[%emt 0:
00:05]} 15. Kh1 {[%emt 0:01:18]} Nc7 {[%emt 0:05:48]} 16. Rae1 {[%emt 0:08:08]}
Be7 {[%emt 0:02:17]} 17. Ng1 {[%emt 0:11:53]} f6 {[%emt 0:01:12]} 18. f4 {
[%emt 0:05:08]} fxe5 {[%emt 0:01:14]} 19. Bxe5 {[%emt 0:11:06]} Nxe5 {[%emt 0:
00:42]} 20. fxe5 {[%emt 0:05:34]} Na6 {[%emt 0:01:36]} 21. Rxf8+ {[%emt 0:04:
28]} Rxf8 {[%emt 0:00:07]} 22. Rf1 {[%emt 0:00:20]} Nb4 {[%emt 0:01:16]} 23.
Rxf8+ {[%emt 0:00:24]} Bxf8 {[%emt 0:00:10]} 24. Ndf3 {[%emt 0:04:19]} Qc5 {
[%emt 0:01:17]} 25. Ne1 {[%emt 0:00:15]} Qc3 {[%emt 0:01:35]} 26. Ngf3 {
[%emt 0:01:19]} Be7 {[%emt 0:00:24]} 27. Qf2 {[%emt 0:00:45]} Qa1 {[%emt 0:01:
12]} 28. Kh2 {[%emt 0:00:56]} Bg5 {[%emt 0:13:44]} 29. Kg3 {[%emt 0:05:23]} Bc1
{[%emt 0:11:49]} 30. h4 {[%emt 0:06:05]} Bb2 {[%emt 0:01:05]} 31. Qe3 {[%emt 0:
02:31]} Qd1 {[%emt 0:03:02]} 32. h5 {[%emt 0:00:35]} Bf7 {[%emt 0:00:03]} 33.
g5 {[%emt 0:03:03]} Bc1 {[%emt 0:01:45]} 34. Qa7 {[%emt 0:02:12]} hxg5 {
[%emt 0:01:37]} 35. Qxa5 {[%emt 0:01:39]} Nxc2 {[%emt 0:01:13]} 36. Qd8+ {
[%emt 0:01:18]} Kh7 {[%emt 0:00:05]} 37. Nxc2 {[%emt 0:00:22]} Qxc2 {[%emt 0:
00:19]} 38. Nxg5+ {[%emt 0:01:06]} Bxg5 {[%emt 0:00:08]} 39. Qxg5 {[%emt 0:00:
08]} Qxd3+ {[%emt 0:00:14]} 40. Bf3 {[%emt 0:00:36]} c5 {[%emt 0:05:40]} 41. a5
{[%emt 0:03:32]} Be8 {[%emt 0:08:42]} 42. Kf2 {[%emt 0:11:45]} Qxb3 {[%emt 0:
03:47]} 43. Qe7 {[%emt 0:02:37]} Qb2+ {[%emt 0:00:21]} 44. Kg1 {[%emt 0:00:51]}
Qc1+ {[%emt 0:03:26]} 45. Kf2 {[%emt 0:01:06]} Qd2+ {[%emt 0:00:24]} 46. Kg3 {
[%emt 0:01:13]} Qe1+ {[%emt 0:01:28]} 47. Kg2 {[%emt 0:00:20]} Bb5 {[%emt 0:00:
48]} 48. Qf7 {[%emt 0:02:27]} Bf1+ {[%emt 0:00:17]} 49. Kh2 {[%emt 0:00:28]}
Qf2+ {[%emt 0:00:17]} 50. Kh1 {[%emt 0:00:29]} Bg2+ {[%emt 0:00:11]} 0-1

[Event "Andorra Open"]
[Site "Escaldes"]
[Date "2019.07.28"]
[Round "2.6"]
[White "Kharitonov, Alexandr"]
[Black "Serra Pages, Jordi"]
[Result "1/2-1/2"]
[WhiteElo "2540"]
[BlackElo "2228"]
[PlyCount "136"]
[EventDate "2019.07.27"]
[EventType "swiss"]
[EventRounds "9"]
[EventCountry "AND"]
[WhiteClock "0:27:00"]
[BlackClock "0:01:22"]

1. Nf3 {[%emt 0:00:02]} Nf6 {[%emt 0:00:19]} 2. c4 {[%emt 0:00:08]} e6 {
[%emt 0:01:30]} 3. d4 {[%emt 0:00:30]} d5 {[%emt 0:01:00]} 4. Nc3 {[%emt 0:00:
23]} c5 {[%emt 0:01:10]} 5. cxd5 {[%emt 0:01:48]} Nxd5 {[%emt 0:02:18]} 6. e3 {
[%emt 0:03:34]} cxd4 {[%emt 0:08:15]} 7. exd4 {[%emt 0:00:43]} Bb4 {[%emt 0:05:
20]} 8. Bd2 {[%emt 0:00:39]} O-O {[%emt 0:00:37]} 9. Bd3 {[%emt 0:00:20]} h6 {
[%emt 0:15:36]} 10. O-O {[%emt 0:01:37]} Nc6 {[%emt 0:05:31]} 11. Qe2 {[%emt 0:
05:18]} Nf6 {[%emt 0:07:28]} 12. Rad1 {[%emt 0:11:52]} Nxd4 {[%emt 0:14:39]}
13. Nxd4 {[%emt 0:00:24]} Qxd4 {[%emt 0:00:19]} 14. Bxh6 {[%emt 0:01:40]} Qg4 {
[%emt 0:01:51]} 15. f3 {[%emt 0:07:24]} Qh5 {[%emt 0:03:28]} 16. Bf4 {[%emt 0:
01:47]} Bxc3 {[%emt 0:16:22]} 17. bxc3 {[%emt 0:00:04]} Nd5 {[%emt 0:00:23]}
18. Bd2 {[%emt 0:14:23]} Nxc3 {[%emt 0:02:20]} 19. Bxc3 {[%emt 0:00:03]} Qc5+ {
[%emt 0:00:05]} 20. Kh1 {[%emt 0:00:13]} Qxc3 {[%emt 0:00:04]} 21. Rc1 {
[%emt 0:00:04]} Qf6 {[%emt 0:01:58]} 22. Rc7 {[%emt 0:00:05]} e5 {[%emt 0:02:
40]} 23. Be4 {[%emt 0:01:49]} Bf5 {[%emt 0:02:32]} 24. Rxb7 {[%emt 0:01:21]}
Bxe4 {[%emt 0:03:36]} 25. fxe4 {[%emt 0:00:08]} Qc6 {[%emt 0:01:10]} 26. Rfb1 {
[%emt 0:00:42]} Rfc8 {[%emt 0:01:24]} 27. h3 {[%emt 0:00:07]} Rc7 {[%emt 0:00:
48]} 28. R7b5 {[%emt 0:00:47]} Re8 {[%emt 0:00:54]} 29. Kh2 {[%emt 0:06:07]}
Qc4 {[%emt 0:00:30]} 30. Qxc4 {[%emt 0:02:25]} Rxc4 {[%emt 0:00:02]} 31. R1b4 {
[%emt 0:00:01]} Rxb4 {[%emt 0:01:12]} 32. Rxb4 {[%emt 0:00:03]} Re7 {[%emt 0:
00:34]} 33. h4 {[%emt 0:05:02]} g6 {[%emt 0:00:15]} 34. Kg3 {[%emt 0:02:31]}
Rc7 {[%emt 0:00:21]} 35. Ra4 {[%emt 0:00:55]} Kg7 {[%emt 0:00:38]} 36. Kg4 {
[%emt 0:00:07]} Rd7 {[%emt 0:00:40]} 37. g3 {[%emt 0:04:30]} Kf6 {[%emt 0:00:
40]} 38. Ra6+ {[%emt 0:00:27]} Kg7 {[%emt 0:00:21]} 39. Kf3 {[%emt 0:00:14]}
Rd3+ {[%emt 0:00:34]} 40. Kf2 {[%emt 0:00:04]} Rd7 {[%emt 0:00:28]} 41. Ra5 {
[%emt 0:03:28]} Kf6 {[%emt 0:06:41]} 42. g4 {[%emt 0:01:27]} Rc7 {[%emt 0:01:
27]} 43. g5+ {[%emt 0:00:23]} Kg7 {[%emt 0:06:21]} 44. Ke2 {[%emt 0:01:20]} Rc3
{[%emt 0:04:53]} 45. a4 {[%emt 0:00:19]} Rh3 {[%emt 0:04:01]} 46. Rxe5 {
[%emt 0:00:14]} Rxh4 {[%emt 0:00:37]} 47. Kd3 {[%emt 0:08:53]} f5 {[%emt 0:02:
21]} 48. Re7+ {[%emt 0:07:37]} Kf8 {[%emt 0:00:36]} 49. Re6 {[%emt 0:00:09]}
fxe4+ {[%emt 0:03:58]} 50. Rxe4 {[%emt 0:00:03]} Rh5 {[%emt 0:03:55]} 51. Re5 {
[%emt 0:01:32]} Rh4 {[%emt 0:00:09]} 52. Ra5 {[%emt 0:06:01]} Rg4 {[%emt 0:00:
10]} 53. Ke3 {[%emt 0:00:20]} a6 {[%emt 0:00:33]} 54. Kf3 {[%emt 0:00:35]} Rg1
{[%emt 0:00:10]} 55. Kf4 {[%emt 0:00:04]} Rf1+ {[%emt 0:00:31]} 56. Kg3 {
[%emt 0:00:45]} Rg1+ {[%emt 0:01:36]} 57. Kf2 {[%emt 0:00:34]} Rg4 {[%emt 0:00:
10]} 58. Kf3 {[%emt 0:00:03]} Rg1 {[%emt 0:00:05]} 59. Re5 {[%emt 0:01:33]} Kf7
{[%emt 0:01:15]} 60. Kf4 {[%emt 0:00:28]} Ra1 {[%emt 0:00:26]} 61. Ra5 {
[%emt 0:02:13]} Rf1+ {[%emt 0:00:14]} 62. Ke4 {[%emt 0:00:11]} Rg1 {[%emt 0:00:
18]} 63. Kf3 {[%emt 0:00:57]} Rf1+ {[%emt 0:00:43]} 64. Ke3 {[%emt 0:01:13]}
Rg1 {[%emt 0:00:19]} 65. Rc5 {[%emt 0:03:40]} Rg4 {[%emt 0:00:34]} 66. a5 {
[%emt 0:01:48]} Ke6 {[%emt 0:00:46]} 67. Rc6+ {[%emt 0:00:09]} Kf5 {[%emt 0:00:
11]} 68. Rxa6 {[%emt 0:00:03]} Ra4 {[%emt 0:00:21]} 1/2-1/2

[Event "Andorra Open"]
[Site "Escaldes"]
[Date "2019.07.28"]
[Round "2.8"]
[White "Kogan, Arthur"]
[Black "Gil Quilez, David"]
[Result "1-0"]
[WhiteElo "2535"]
[BlackElo "2206"]
[PlyCount "77"]
[EventDate "2019.07.27"]
[EventType "swiss"]
[EventRounds "9"]
[EventCountry "AND"]
[WhiteClock "0:18:31"]
[BlackClock "0:08:47"]

1. c4 {[%emt 0:01:05]} f5 {[%emt 0:02:01]} 2. Nc3 {[%emt 0:00:46]} Nf6 {
[%emt 0:00:19]} 3. Nf3 {[%emt 0:00:50]} d6 {[%emt 0:00:53]} 4. g3 {[%emt 0:00:
40]} g6 {[%emt 0:00:46]} 5. Bg2 {[%emt 0:00:19]} Bg7 {[%emt 0:00:12]} 6. O-O {
[%emt 0:01:08]} O-O {[%emt 0:00:27]} 7. d3 {[%emt 0:00:56]} e5 {[%emt 0:01:45]}
8. Bg5 {[%emt 0:00:10]} c5 {[%emt 0:03:21]} 9. Nd5 {[%emt 0:05:03]} Be6 {
[%emt 0:05:24]} 10. Ne1 {[%emt 0:03:50]} Nc6 {[%emt 0:02:34]} 11. Nc2 {[%emt 0:
01:18]} Qd7 {[%emt 0:02:04]} 12. Qd2 {[%emt 0:02:46]} Bxd5 {[%emt 0:07:14]} 13.
cxd5 {[%emt 0:00:17]} Ne7 {[%emt 0:01:10]} 14. e4 {[%emt 0:01:01]} b5 {[%emt 0:
01:48]} 15. Bh3 {[%emt 0:09:42]} Qc7 {[%emt 0:07:36]} 16. f3 {[%emt 0:00:24]}
Nh5 {[%emt 0:05:26]} 17. Rac1 {[%emt 0:03:57]} a5 {[%emt 0:07:19]} 18. Na3 {
[%emt 0:03:50]} b4 {[%emt 0:06:53]} 19. Nc4 {[%emt 0:03:35]} f4 {[%emt 0:04:34]
} 20. Be6+ {[%emt 0:16:11]} Kh8 {[%emt 0:00:26]} 21. g4 {[%emt 0:10:08]} Bf6 {
[%emt 0:09:11]} 22. gxh5 {[%emt 0:03:07]} Bxg5 {[%emt 0:00:50]} 23. Qg2 {
[%emt 0:03:56]} Bf6 {[%emt 0:04:54]} 24. hxg6 {[%emt 0:00:54]} Nxg6 {[%emt 0:
01:10]} 25. Kh1 {[%emt 0:00:18]} Ra6 {[%emt 0:03:51]} 26. Rg1 {[%emt 0:01:14]}
Bg7 {[%emt 0:02:06]} 27. Qh3 {[%emt 0:01:08]} Rf6 {[%emt 0:00:40]} 28. Rg5 {
[%emt 0:01:24]} Qe7 {[%emt 0:05:42]} 29. Rcg1 {[%emt 0:02:45]} Rxe6 {[%emt 0:
01:07]} 30. dxe6 {[%emt 0:01:07]} Kg8 {[%emt 0:00:35]} 31. Qf5 {[%emt 0:02:06]}
Ra8 {[%emt 0:01:36]} 32. Nb6 {[%emt 0:00:49]} Rf8 {[%emt 0:00:34]} 33. Nd5 {
[%emt 0:00:30]} Qe8 {[%emt 0:01:26]} 34. Qg4 {[%emt 0:00:21]} Bf6 {[%emt 0:01:
17]} 35. e7 {[%emt 0:02:39]} Bxe7 {[%emt 0:02:02]} 36. Rxg6+ {[%emt 0:00:48]}
hxg6 {[%emt 0:00:17]} 37. Nxe7+ {[%emt 0:00:07]} Qxe7 {[%emt 0:01:05]} 38.
Qxg6+ {[%emt 0:00:08]} Kh8 {[%emt 0:00:09]} 39. Qh6+ {[%emt 0:00:09]} 1-0

[Event "Andorra Open"]
[Site "Escaldes"]
[Date "2019.07.28"]
[Round "2.9"]
[White "Arizmendi Martinez, Julen Luis"]
[Black "Bremner, Adam"]
[Result "1-0"]
[WhiteElo "2512"]
[BlackElo "2191"]
[PlyCount "61"]
[EventDate "2019.07.27"]
[EventType "swiss"]
[EventRounds "9"]
[EventCountry "AND"]

1. d4 Nf6 2. c4 e6 3. Nf3 d5 4. Nc3 a6 5. c5 b6 6. cxb6 cxb6 7. Bf4 Bd6 8. e3
O-O 9. Bd3 Bb7 10. O-O Nc6 11. Rc1 Ne7 12. Na4 Ne4 13. Qb3 Bc6 14. Bxe4 dxe4
15. Bxd6 Qxd6 16. Nd2 Rab8 17. Nc3 f5 18. Nc4 Qd8 19. Ne5 Bd5 20. Nxd5 exd5 21.
g3 Qd6 22. Rc3 Rfc8 23. Rfc1 g5 24. Qa4 b5 25. Qd1 Rxc3 26. Rxc3 g4 27. Qc1 Qe6
28. Nc6 Ra8 29. Nxe7+ Qxe7 30. Rc7 Qb4 31. Qc6 1-0

[Event "Andorra Open"]
[Site "Escaldes"]
[Date "2019.07.28"]
[Round "2.10"]
[White "Garcia Trobat, Francisco"]
[Black "Stella, Andrea"]
[Result "0-1"]
[WhiteElo "2183"]
[BlackElo "2511"]
[PlyCount "48"]
[EventDate "2019.07.27"]
[EventType "swiss"]
[EventRounds "9"]
[EventCountry "AND"]

1. d4 Nf6 2. Nf3 g6 3. c4 Bg7 4. e3 O-O 5. Be2 d5 6. cxd5 Nxd5 7. e4 Nb6 8. a4
a5 9. O-O Bg4 10. Nbd2 Nc6 11. d5 Nb4 12. Nb3 e6 13. dxe6 Bxe6 14. Nc5 Qe7 15.
Nxe6 Qxe6 16. Ng5 Qe7 17. f3 Qc5+ 18. Kh1 Nc2 19. Ra2 Rad8 20. b4 Nxb4 21. Qb3
Nxa2 22. Qxa2 Qb4 23. Bb5 c6 24. Ba3 Qd2 0-1

[Event "Andorra Open"]
[Site "Escaldes"]
[Date "2019.07.28"]
[Round "2.11"]
[White "Asis Gargatagli, Hipolito"]
[Black "Pedersen, Daniel Vesterbaek"]
[Result "1-0"]
[WhiteElo "2506"]
[BlackElo "2182"]
[PlyCount "63"]
[EventDate "2019.07.27"]
[EventType "swiss"]
[EventRounds "9"]
[EventCountry "AND"]

1. e4 e5 2. Nf3 Nc6 3. d4 exd4 4. Nxd4 Nf6 5. Nxc6 bxc6 6. e5 Qe7 7. Qe2 Nd5 8.
h4 Qe6 9. g3 Bc5 10. Nd2 O-O 11. Bh3 Qe7 12. Nb3 Nb4 13. O-O Ba6 14. c4 d5 15.
Nxc5 Bxc4 16. Qg4 Bxf1 17. Bxf1 Qxc5 18. Bh6 g6 19. a3 Nc2 20. Rc1 Rfe8 21. Qe2
Nd4 22. Rxc5 Nxe2+ 23. Bxe2 Rxe5 24. Bg4 f5 25. Bf3 Re6 26. Rxc6 Re1+ 27. Kg2
Rd8 28. Rxc7 d4 29. Rg7+ Kh8 30. Rxa7 Rb1 31. Bd5 d3 32. Bg7# 1-0

[Event "Andorra Open"]
[Site "Escaldes"]
[Date "2019.07.28"]
[Round "2.12"]
[White "Ros Alonso, Jaume"]
[Black "Admiraal, Miguoel"]
[Result "0-1"]
[WhiteElo "2178"]
[BlackElo "2504"]
[PlyCount "102"]
[EventDate "2019.07.27"]
[EventType "swiss"]
[EventRounds "9"]
[EventCountry "AND"]

1. e4 c6 2. d4 d5 3. Nc3 dxe4 4. Nxe4 Nd7 5. Ng5 Ngf6 6. Bd3 Qc7 7. Ne2 e6 8.
Bf4 Bd6 9. Bxd6 Qxd6 10. O-O O-O 11. c3 b6 12. h3 Bb7 13. Qc2 h6 14. Ne4 Qc7
15. Rad1 Rad8 16. Rfe1 Nd5 17. Qc1 c5 18. dxc5 Nxc5 19. Nxc5 Qxc5 20. Nd4 Nf6
21. Qe3 Rd5 22. b4 Qc8 23. c4 Rd7 24. Nf3 Qc6 25. Bf1 Rxd1 26. Rxd1 Qa4 27. Qb3
Qxb3 28. axb3 Bxf3 29. gxf3 Rc8 30. Kg2 Kf8 31. f4 Ke7 32. Kf3 a5 33. bxa5 bxa5
34. Ra1 Rc5 35. Ra4 Nd7 36. b4 axb4 37. Rxb4 Ra5 38. Bg2 Ra3+ 39. Ke4 g5 40.
fxg5 hxg5 41. Kd4 Ra2 42. Ke3 Kd6 43. Be4 Ra3+ 44. Ke2 Rxh3 45. Rb5 Nc5 46. Bf3
f5 47. Bg2 Rc3 48. Rb4 Rc2+ 49. Ke3 f4+ 50. Kf3 Nd3 51. Rb6+ Ke7 0-1

[Event "Andorra Open"]
[Site "Escaldes"]
[Date "2019.07.28"]
[Round "2.13"]
[White "Ruiz Castillo, Joshua Daniel"]
[Black "Laliena Solanes, Luis"]
[Result "1-0"]
[WhiteElo "2501"]
[BlackElo "2175"]
[PlyCount "49"]
[EventDate "2019.07.27"]
[EventType "swiss"]
[EventRounds "9"]
[EventCountry "AND"]

1. Nf3 d5 2. g3 c6 3. Bg2 Bg4 4. c4 e6 5. cxd5 exd5 6. Qb3 Qb6 7. Qc2 Nf6 8.
O-O Nbd7 9. d3 Be7 10. Nc3 O-O 11. a3 a5 12. e4 d4 13. Nb1 Rfd8 14. Nbd2 Nc5
15. h3 Be6 16. Ng5 Qb5 17. Nxe6 fxe6 18. Nc4 Nfxe4 19. Bxe4 Nxe4 20. dxe4 Qh5
21. Kg2 d3 22. Qd1 Qc5 23. b3 Bf6 24. Be3 Qe7 25. e5 1-0

[Event "Andorra Open"]
[Site "Escaldes"]
[Date "2019.07.28"]
[Round "2.14"]
[White "Martinez Lopez, Ivan"]
[Black "Riff, Jean-Noel"]
[Result "1/2-1/2"]
[WhiteElo "2174"]
[BlackElo "2495"]
[PlyCount "50"]
[EventDate "2019.07.27"]
[EventType "swiss"]
[EventRounds "9"]
[EventCountry "AND"]

1. Nf3 c5 2. c4 Nc6 3. Nc3 Nf6 4. e3 e6 5. d4 d5 6. cxd5 exd5 7. Bb5 cxd4 8.
Nxd4 Bd7 9. O-O Bd6 10. Nde2 a6 11. Ba4 O-O 12. e4 Ne7 13. Bxd7 Qxd7 14. Nxd5
Nfxd5 15. exd5 Nxd5 16. Nf4 Nf6 17. Nh5 Nxh5 18. Qxh5 Rfe8 19. Be3 Re6 20. Rad1
Rae8 21. Bf4 Qe7 22. Bxd6 Rxd6 23. Rxd6 Qxd6 24. Qf3 b5 25. g3 g6 1/2-1/2

[Event "Andorra Open"]
[Site "Escaldes"]
[Date "2019.07.28"]
[Round "2.15"]
[White "Narciso Dublan, Marc"]
[Black "Orteu Capdevila, Max"]
[Result "1-0"]
[WhiteElo "2489"]
[BlackElo "2173"]
[PlyCount "65"]
[EventDate "2019.07.27"]
[EventType "swiss"]
[EventRounds "9"]
[EventCountry "AND"]

1. d4 Nf6 2. Bg5 d5 3. e3 c5 4. Bxf6 gxf6 5. dxc5 Nc6 6. c3 e5 7. b4 a5 8. Bb5
Bd7 9. Qb3 Rg8 10. Ne2 axb4 11. cxb4 Rg4 12. Bxc6 Bxc6 13. O-O Ra4 14. a3 Rgxb4
15. axb4 Rxa1 16. Qd3 Qa8 17. b5 Bd7 18. Nec3 Be6 19. Nxd5 Qd8 20. Qc3 Ra2 21.
Nb4 Ra4 22. b6 Qc8 23. Nd3 Rc4 24. Qa5 e4 25. Nd2 exd3 26. Nxc4 Qxc5 27. Qa4+
Bd7 28. Qa8+ Bc8 29. Nd2 Kd7 30. Qa4+ Kd8 31. Qe4 Qc3 32. Nf3 d2 33. Qd5+ 1-0

[Event "Andorra Open"]
[Site "Escaldes"]
[Date "2019.07.28"]
[Round "2.16"]
[White "Viers, Emmanuel"]
[Black "Ochsner, Bjorn Moller"]
[Result "0-1"]
[WhiteElo "2167"]
[BlackElo "2483"]
[PlyCount "74"]
[EventDate "2019.07.27"]
[EventType "swiss"]
[EventRounds "9"]
[EventCountry "AND"]

1. d4 Nf6 2. Nc3 d5 3. Nf3 g6 4. Qd3 Nc6 5. Ne5 Bg7 6. Nxc6 bxc6 7. g3 O-O 8.
Bg2 Bf5 9. Qa6 Qd7 10. Qa4 Ne8 11. O-O Nd6 12. Nd1 Nc4 13. c3 Nb6 14. Qa6 Bc2
15. Ne3 Ba4 16. Qd3 Bb5 17. Qc2 a5 18. a4 Ba6 19. Rd1 Rfe8 20. Bf3 h5 21. Ng2
e5 22. dxe5 Nc4 23. Nf4 Nxe5 24. Bg2 Qe7 25. Be3 Rab8 26. Bd4 Bc8 27. e4 Bg4
28. exd5 Bxd1 29. Rxd1 c5 30. Be3 Nc4 31. Bc1 Qf6 32. Nd3 Qf5 33. h3 Ne5 34.
Bf1 h4 35. g4 Nf3+ 36. Kh1 Qe4 37. Nb4 axb4 0-1

[Event "Andorra Open"]
[Site "Escaldes"]
[Date "2019.07.28"]
[Round "2.17"]
[White "Henderson De La Fuente, Lance"]
[Black "Maddens, Martijn"]
[Result "0-1"]
[WhiteElo "2471"]
[BlackElo "2148"]
[PlyCount "70"]
[EventDate "2019.07.27"]
[EventType "swiss"]
[EventRounds "9"]
[EventCountry "AND"]

1. e4 c5 2. Nf3 d6 3. d4 cxd4 4. Qxd4 Nc6 5. Bb5 Bd7 6. Qd3 Nf6 7. O-O g6 8. c4
Bg7 9. Nc3 O-O 10. h3 Rc8 11. Be3 Qa5 12. a3 a6 13. Bxc6 Bxc6 14. Nd4 e6 15. b4
Qh5 16. Rac1 Rfd8 17. Rfd1 Be8 18. f3 Nd7 19. Qe2 Ne5 20. Nb1 b5 21. Nd2 bxc4
22. Nxc4 Nxc4 23. Rxc4 Rxc4 24. Qxc4 d5 25. Qc7 Bf6 26. Ne2 Qe5 27. Qb6 Qd6 28.
Qxd6 Rxd6 29. Bd4 dxe4 30. Bxf6 Rxd1+ 31. Kf2 exf3 32. gxf3 Rd3 33. Ng3 Rxa3
34. Ne4 Rb3 35. Be7 Bc6 0-1

[Event "Andorra Open"]
[Site "Escaldes"]
[Date "2019.07.28"]
[Round "2.18"]
[White "Barbazan Bilbao, Xabier"]
[Black "Roselli Mailhe, Bernardo"]
[Result "0-1"]
[WhiteElo "2140"]
[BlackElo "2471"]
[PlyCount "96"]
[EventDate "2019.07.27"]
[EventType "swiss"]
[EventRounds "9"]
[EventCountry "AND"]

1. e4 e6 2. d4 d5 3. Nd2 a6 4. Bd3 c5 5. dxc5 Bxc5 6. Ngf3 Nc6 7. O-O Nge7 8.
a3 O-O 9. b4 Ba7 10. Bb2 Ng6 11. g3 d4 12. Nb3 e5 13. c4 dxc3 14. Bxc3 Bh3 15.
Re1 Qf6 16. Qe2 Bg4 17. Kg2 Nd8 18. Bd2 Ne6 19. h3 Bh5 20. Be3 Rad8 21. Rad1
Bxe3 22. Qxe3 Nef4+ 23. gxf4 Nxf4+ 24. Kh2 Nxd3 25. Rxd3 Rxd3 26. Qxd3 Bxf3 27.
Qe3 Rd8 28. Rc1 h6 29. Nc5 b6 30. Nxa6 Rd4 31. Nc7 Bh5 32. Nd5 Qh4 33. Rg1 Kh7
34. f3 f5 35. Nxb6 fxe4 36. fxe4 Rxe4 37. Qg3 Re2+ 38. Rg2 Qxg3+ 39. Kxg3 Re3+
40. Kh2 Rxa3 41. Nc4 Rb3 42. Nxe5 Rxb4 43. Rf2 Rb5 44. Nd3 Bg6 45. Nf4 Bf5 46.
Ng2 Bc8 47. Kg1 Bb7 48. Rd2 Rb1+ {Il·legible} 0-1

[Event "Andorra Open"]
[Site "Escaldes"]
[Date "2019.07.28"]
[Round "2.19"]
[White "Fluvia Poyatos, Jordi"]
[Black "Vega Gutierrez, Belinda"]
[Result "1-0"]
[WhiteElo "2455"]
[BlackElo "2133"]
[PlyCount "133"]
[EventDate "2019.07.27"]
[EventType "swiss"]
[EventRounds "9"]
[EventCountry "AND"]

1. d4 Nf6 2. c4 e6 3. Nc3 d5 4. cxd5 exd5 5. Bg5 Be7 6. e3 O-O 7. Bd3 h6 8. Bh4
b6 9. Nf3 Bb7 10. O-O Ne4 11. Bxe7 Qxe7 12. Qb3 Rd8 13. Rfd1 c5 14. dxc5 Nxc3
15. Qxc3 bxc5 16. Rac1 Nd7 17. Bf5 Rac8 18. Qa3 a6 19. Rd2 g6 20. Bxd7 Rxd7 21.
Rdc2 Rdc7 22. Qa5 Rc6 23. a3 R8c7 24. h3 Qd6 25. b4 cxb4 26. Rxc6 Rxc6 27. Rxc6
Qxc6 28. Qd8+ Kg7 29. axb4 Qf6 30. Qc7 Qc6 31. Qe7 Ba8 32. Nd4 Qb7 33. Ne6+ Kh7
34. Nc7 Kg7 35. Ne8+ Kg8 36. Nf6+ Kg7 37. Nd7 Qc8 38. Nc5 Bc6 39. g4 Kg8 40.
Qd6 Qa8 41. Nb3 Bb5 42. Kh2 Bc4 43. Na5 Bb5 44. Kg3 Qf8 45. Qf4 Kg7 46. Nb7 Qe7
47. Nd6 Bc6 48. Qd4+ Kg8 49. Qc5 Qd7 50. f4 f6 51. Kf2 Kg7 52. Kg3 Kg8 53. h4
h5 54. f5 Kg7 55. Kf4 hxg4 56. fxg6 g3 57. h5 g2 58. Nf5+ Kg8 59. h6 g1=Q 60.
h7+ Qxh7 61. gxh7+ Kxh7 62. Qe7+ Kg8 63. Qe6+ Kh7 64. Qf7+ Kh8 65. Qxf6+ Kh7
66. Qh6+ Kg8 67. Qxc6 1-0

[Event "Andorra Open"]
[Site "Escaldes"]
[Date "2019.07.28"]
[Round "2.20"]
[White "Hapala, Elisabeth"]
[Black "Roberson, Peter T"]
[Result "0-1"]
[WhiteElo "2131"]
[BlackElo "2429"]
[PlyCount "116"]
[EventDate "2019.07.27"]
[EventType "swiss"]
[EventRounds "9"]
[EventCountry "AND"]

1. e4 e6 2. d4 d5 3. Nd2 c5 4. exd5 Qxd5 5. Ngf3 cxd4 6. Bc4 Qd7 7. O-O Nc6 8.
Nb3 a6 9. a4 Nf6 10. Qe2 Bd6 11. Rd1 O-O 12. Nbxd4 e5 13. Nxc6 Qxc6 14. Bg5 Bc7
15. Bxf6 Qxf6 16. Bd5 g6 17. Qc4 Bb6 18. a5 Ba7 19. Rd2 Kg7 20. Re1 Re8 21.
Rde2 Bb8 22. Qc3 Bg4 23. Bxb7 Ra7 24. Qb4 Bf5 25. Be4 Be6 26. Bd3 Bd5 27. Re3
Rb7 28. Qc3 Bd6 29. Bxa6 Bb4 30. Qd3 Bxe1 31. Bxb7 Bxf2+ 32. Kxf2 Bxb7 33. Qc3
e4 34. Qxf6+ Kxf6 35. Nd4 Ke5 36. Nf3+ Kd5 37. Nd2 f5 38. g3 g5 39. Rb3 Ba6 40.
Ke3 Ke5 41. Kf2 f4 42. gxf4+ gxf4 43. Nxe4 Kxe4 44. Rb6 Bc8 45. a6 Re7 46. Rb4+
Kf5 47. Rb5+ Kg4 48. h3+ Kh4 49. Rb6 Ra7 50. Kf3 Rxa6 51. Rb8 Rc6 52. c3 Rc4
53. Rb6 h5 54. Rf6 Kg5 55. Rd6 Bxh3 56. Rd5+ Kf6 57. Rd2 Bg4+ 58. Kf2 Rc5 0-1

[Event "Andorra Open"]
[Site "Escaldes"]
[Date "2019.07.28"]
[Round "2.21"]
[White "Kirk, Ezra"]
[Black "Estadieu, Romeo"]
[Result "1-0"]
[WhiteElo "2420"]
[BlackElo "2114"]
[PlyCount "61"]
[EventDate "2019.07.27"]
[EventType "swiss"]
[EventRounds "9"]
[EventCountry "AND"]

1. d4 e6 2. c4 f5 3. g3 Nf6 4. Bg2 c6 5. Nf3 d5 6. O-O Bd6 7. Nc3 O-O 8. Qc2
Qe7 9. Bg5 h6 10. Bf4 Bxf4 11. gxf4 Bd7 12. Ne5 Be8 13. e3 Nbd7 14. cxd5 cxd5
15. Rac1 g5 16. Ne2 Nxe5 17. dxe5 Nh5 18. fxg5 hxg5 19. Nd4 Ng7 20. f4 gxf4 21.
exf4 Qb4 22. Qf2 Bf7 23. Rc3 Rac8 24. Rg3 Kh7 25. Bf3 Rh8 26. Kh1 Kg8 27. Rfg1
Rh7 28. Qg2 Kf8 29. Rh3 Rxh3 30. Qxh3 Qc4 31. Qh8+ 1-0

[Event "Andorra Open"]
[Site "Escaldes"]
[Date "2019.07.28"]
[Round "2.22"]
[White "Purton, Ben J"]
[Black "Aloma Vidal, Robert"]
[Result "0-1"]
[WhiteElo "2118"]
[BlackElo "2419"]
[PlyCount "154"]
[EventDate "2019.07.27"]
[EventType "swiss"]
[EventRounds "9"]
[EventCountry "AND"]

1. d4 d5 2. Nf3 Nf6 3. c4 dxc4 4. Nc3 a6 5. a4 Nc6 6. Bg5 Bf5 7. d5 Nb4 8. Nd4
Bg6 9. Bxf6 exf6 10. e4 Bc5 11. Nc2 O-O 12. Bxc4 Re8 13. O-O Bxe4 14. Nxb4 Bxb4
15. Nxe4 Rxe4 16. Qb3 Qd6 17. Rac1 Rd8 18. Qc2 Re7 19. Qb3 g6 20. Rfd1 Kg7 21.
g3 h5 22. Bf1 Rb8 23. Rc4 Ba5 24. Qc2 Bb6 25. Qc3 a5 26. b4 Ra8 27. bxa5 Bxa5
28. Qb3 Ra7 29. Bg2 Re2 30. Bf3 Re5 31. Kg2 Bb6 32. Qb4 Qxb4 33. Rxb4 Bc5 34.
Rc4 b6 35. h3 f5 36. Kf1 Kf6 37. Kg2 Ke7 38. Rb1 Ra5 39. Kg1 Kd6 40. Rb5 Rxb5
41. axb5 Re8 42. Ra4 Rh8 43. h4 Ke7 44. Bg2 Kf6 45. Bf3 Bd6 46. Bg2 Re8 47. Bf3
Kg7 48. Bg2 Kh6 49. Bf3 f6 50. Bg2 g5 51. Bf3 Kg6 52. Bd1 Bc5 53. Bf3 Rd8 54.
Bg2 g4 55. Bh1 Re8 56. Bg2 Bd6 57. Bh1 f4 58. gxf4 Kf5 59. Bg2 Bxf4 60. Bh1 Bd6
61. Bg2 Kg6 62. Be4+ f5 63. Bc2 Kf6 64. Ra1 Re5 65. Rd1 Bc5 66. Kf1 Kg6 67. Re1
Rxe1+ 68. Kxe1 Be7 69. Kf1 Bxh4 70. Kg2 Kg5 71. Bd3 Kf4 72. Bc2 Bf6 73. Bd3 Bd4
74. Bc2 h4 75. Bd3 h3+ 76. Kf1 Ke5 77. Bc4 f4 0-1